Ung thư học lâm sàng; T2

Đã lưu trong:
书目详细资料
主要作者: Nguyễn Chấn Hùng
格式: 图书
语言:Undetermined
出版: Tp. HCM Trường Đại học Y Dược Tp. HCM 1986
主题:
标签: 添加标签
没有标签, 成为第一个标记此记录!
Thư viện lưu trữ: Trung tâm Học liệu Trường Đại học Cần Thơ
LEADER 00573nam a2200181Ia 4500
001 CTU_17252
008 210402s9999 xx 000 0 und d
082 |a 616.992 
082 |b H513/T2 
100 |a Nguyễn Chấn Hùng 
245 0 |a Ung thư học lâm sàng; T2 
245 0 |c Nguyễn Chấn Hùng, Nguyễn Sào Trung 
260 |a Tp. HCM 
260 |b Trường Đại học Y Dược Tp. HCM 
260 |c 1986 
650 |a cancer 
904 |i Nguyễn Quang Điền, 960601 
980 |a Trung tâm Học liệu Trường Đại học Cần Thơ